Normal view
MARC view
Entry Topical Term
001 - CONTROL NUMBER
- control field: 263749
003 - CONTROL NUMBER IDENTIFIER
- control field: OSt
005 - DATE AND TIME OF LATEST TRANSACTION
- control field: 20260509123555.0
008 - FIXED-LENGTH DATA ELEMENTS
- fixed length control field: 260509|| aca||aabn | a|a d
040 ## - CATALOGING SOURCE
- Original cataloging agency: OSt
- Transcribing agency: OSt
150 ## - HEADING--TOPICAL TERM
- Topical term or geographic name entry element: Education
670 ## - SOURCE DATA FOUND
- Source citation: Work cat.: (OSt)96860: JYOTHSNA KAMATH ಜ್ಯೋತ್ಸ್ನಾ ಕಾಮತ್ 263748, Karnatakada shikshana parampare., 1988